Normal view
MARC view
- Sadhan K De, Avraam I. Lsayev, Klementina Khait
Entry Personal Name
001 - CONTROL NUMBER
- control field: 128868
003 - CONTROL NUMBER IDENTIFIER
- control field: NUST
005 - DATE AND TIME OF LATEST TRANSACTION
- control field: 20250507112700.0
008 - FIXED-LENGTH DATA ELEMENTS
- fixed length control field: 250507|| aca||aabn | a|a d
040 ## - CATALOGING SOURCE
- Original cataloging agency: NUST
- Transcribing agency: NUST
100 ## - HEADING--PERSONAL NAME
- Personal name: Sadhan K De, Avraam I. Lsayev, Klementina Khait
670 ## - SOURCE DATA FOUND
- Source citation: Work cat.: (NUST)564365: Sadhan K De, Avraam I. Lsayev, Klementina Khait, Rubber Recycling /, 2005
